El principio constitucional de proporcionalidad en el sistema electoral autonómico canario: análisis de su experiencia histórica en el autogobierno
Guardat en:
| Autor principal: | |
|---|---|
| Format: | Llibre |
| Idioma: | espanyol |
| Publicat: |
Pamplona
Aranzadi
2015
|
| Col·lecció: | Estudios
|
| Matèries: | |
| Etiquetes: |
Afegir etiqueta
Sense etiquetes, Sigues el primer a etiquetar aquest registre!
|
MARC
| LEADER | 00000cam a2200000 a 4500 | ||
|---|---|---|---|
| 001 | UCC9176 | ||
| 003 | CL-VaPUC | ||
| 008 | 190914e20150000sp |||||||||||||||||spa|d | ||
| 020 | |a 9788490983775 | ||
| 082 | 0 | 4 | |a 342.4607 |b ALV |2 21 |
| 100 | 0 | |a Alvarez Gil, Rafael |e author |9 604082 | |
| 245 | 1 | 3 | |a El principio constitucional de proporcionalidad en el sistema electoral autonómico canario: análisis de su experiencia histórica en el autogobierno |
| 300 | |a 419 p | ||
| 942 | |c BK | ||
| 945 | |d 20190914 23:07:00 |a cmena | ||
| 260 | |a Pamplona |b Aranzadi |c 2015 | ||
| 650 | 7 | |a DERECHO CONSTITUCIONAL ESPAÑOL |2 CL-VaPUC |9 435214 | |
| 650 | 0 | |a Derecho electoral |9 391229 | |
| 650 | 7 | |a ESTADOS SOBERANOS |2 CL-VaPUC |9 535176 | |
| 650 | 0 | |a Jurisprudencia |9 255952 | |
| 650 | 0 | |a Autonomía administrativa |9 469710 | |
| 650 | 7 | |a SISTEMA ELECTORAL |2 CL-VaPUC |9 403566 | |
| 583 | |a last modification |c 20190914 23:07:00 |k Rodrigo Vera | ||
| 490 | 0 | |a Estudios | |
| 999 | |c 375370 |d 375368 | ||
| 952 | |0 0 |1 0 |3 erb |4 0 |6 342_460700000000000_ALV_2015 |7 0 |8 WP_COW |9 561311 |a BIBDER |b BIBDER |e Fundación W and P Cowley |i 5597714 |o 342.4607 ALV 2015 |p 5597714 |r 2023-01-25 |w 2020-03-12 |y BK |z Catalogado en:20190914 |k WPC | ||